Biggest Cities in Washington in 1950 - Statistics

General Stats
  • This quiz has been taken 74 times
  • The average score is 15 of 20
Answer Stats
Population County Answer % Correct
467,591 King Seattle
100%
161,721 Spokane Spokane
100%
143,673 Pierce Tacoma
100%
41,664 Clark Vancouver
95%
15,819 Thurston Olympia
93%
34,112 Whatcom Bellingham
84%
38,486 Yakima Yakima
80%
24,102 Walla Walla Walla Walla
78%
33,849 Snohomish Everett
75%
10,106 Benton Kennewick
73%
16,039 King Renton
73%
10,228 Franklin Pasco
71%
27,678 Kitsap Bremerton
67%
13,072 Chelan Wenatchee
67%
19,653 Grays Harbor Aberdeen
65%
11,233 Clallam Port Angeles
62%
20,339 Cowlitz Longview
60%
12,022 Whitman Pullman
51%
10,010 Pierce Puyallup
44%
11,123 Grays Harbor Hoquiam
36%
No matching quizzes found
Score Distribution
Percent of People with Each Score
Percentile by Number Answered
Your Score History
You have not taken this quiz